000 00595nam a22001937a 4500
999 _c8870
_d8870
003 BD-JhCC
005 20180305113246.0
008 180305b1977 bg ||||| |||| 00| 0 ben d
035 _a(BD-JhCC)
040 _aBD-JhCC
_dBD-JhCC
041 _aeng
100 _aশাহজাহান, সেলিনা
245 _aছোটদের মাইকেল ফ্যারাডে /
_c সেলিনা শাহজাহান
260 _aঢাকাঃ
_bমুক্তধারা
_c1977.
300 _a31 p. :
_c22 cm.
650 _aBiography
942 _2ddc
_cBK